The twenty-fifth anniversary of the founding of the Cosmos club of Washington, D.C. : with a documentary history of the Club from its organization to November 16, 1903.

Bibliographic Details
Corporate Author: Cosmos Club (Washington, D.C.)
Format: Book
Language:English
Published: Washington, D.C. : The Cosmos club, 1904.
Subjects:

MARC

Tag First Indicator Second Indicator Subfields
LEADER 00000cam a22000001a 4500
001 in00000081335
005 20151008061033.0
008 790309s1904 dcuach 00110 engm
010 |a  06024064  
035 |a (OCoLC)05147910 
035 |9 AAJ7157AM 
040 |a DLC  |c DLC  |d m.c.  |d TXA  |d UtOrBLW 
049 |a TXAM  |c [1362240] 
050 0 0 |a HS2725.W3  |b C73 1904 
051 |a Copy 2. 
110 2 |a Cosmos Club (Washington, D.C.) 
245 1 4 |a The twenty-fifth anniversary of the founding of the Cosmos club of Washington, D.C. :  |b with a documentary history of the Club from its organization to November 16, 1903. 
264 1 |a Washington, D.C. :  |b The Cosmos club,  |c 1904. 
300 |a 351 pages :  |b illustrations, portrait, facsimiles ;  |c 21 cm. 
336 |a text  |b txt  |2 rdacontent 
337 |a unmediated  |b n  |2 rdamedia 
338 |a volume  |b nc  |2 rdacarrier 
500 |a Includes index. 
610 2 0 |a Cosmos Club (Washington, D.C.) 
999 |a MARS 
999 f f |s 6a2e4833-3248-3bd5-b89d-dbdb40ba4e19  |i 45b28ce0-3422-3d1a-825f-7053ef78da06  |t 0 
952 f f |p ric  |a Texas A&M University  |b Rellis Campus  |c Joint Library Facility  |d Remote Storage  |t 0  |e HS2725.W3 C73 1904  |h Library of Congress classification  |i unmediated -- volume  |m A14806143900 
998 f f |a HS2725.W3 C73 1904  |t 0  |l Remote Storage